000 00664nam a2200241Ia 4500
003 OSt
005 20220924132109.0
006 a|||||r|||| 00| 0
007 ta
008 220923b |||||||| |||| 00| 0 san d
024 _a10049
037 _cTextual
040 _aARTS
_cARTS
_bsan
041 _2san
_asan
082 _aQ23:4146, 15E0
100 _aSambakavi
_9203724
245 0 _aSambapanchasika with the comm of Kshemerja ed by Kedaranatha and Wasudeva Laxman Shastri Panashikar
260 _c1910
490 _aKavyamala; 13
650 _aRELIGION
942 _hQ23:4146, 15E0
_cTEXL
_2CC
999 _c429222
_d429222